Foundations of modern potential theory / (Record no. 8774)
[ view plain ]
| 000 -LEADER | |
|---|---|
| fixed length control field | 01199nam a2200349 a 4500 |
| 001 - CONTROL NUMBER | |
| control field | 8774 |
| 003 - CONTROL NUMBER IDENTIFIER | |
| rucl marc code | BD-RjUL |
| 005 - DATE AND TIME OF LATEST TRANSACTION | |
| control field | 20211208234640.0 |
| 008 - FIXED-LENGTH DATA ELEMENTS--GENERAL INFORMATION | |
| fixed length control field | 140119s1972 wb a b 001 0 eng d |
| 020 ## - INTERNATIONAL STANDARD BOOK NUMBER | |
| International Standard Book Number | 0387053948 (NewYork) |
| International Standard Book Number | 3540053948 (Berlin) |
| 035 ## - SYSTEM CONTROL NUMBER | |
| System control number | (BD-RjUL)8819 |
| 040 ## - CATALOGING SOURCE | |
| Original cataloging agency | BD-RjUL |
| Language of cataloging | eng |
| Transcribing agency | BD-RjUL |
| 041 1# - LANGUAGE CODE | |
| Language code of text/sound track or separate title | eng |
| Language code of original | rus |
| 082 00 - DEWEY DECIMAL CLASSIFICATION NUMBER | |
| Classification number | 515.7 |
| Author mark and year | LAF 1972 |
| 100 1# - MAIN ENTRY--PERSONAL NAME | |
| Personal name | Landkof, N. S. |
| Fuller form of name | (Naum Samoĭlovich) |
| 9 (RLIN) | 27281 |
| 245 10 - TITLE STATEMENT | |
| Title | Foundations of modern potential theory / |
| Statement of responsibility, etc. | N.S. Landkof ; Translated from the Russian by A. P. Doohovskoy |
| 260 ## - PUBLICATION, DISTRIBUTION, ETC. (IMPRINT) | |
| Place of publication, distribution, etc. | Berlin : |
| Name of publisher, distributor, etc. | Springer-Verlag, |
| Date of publication, distribution, etc. | 1972. |
| 300 ## - PHYSICAL DESCRIPTION | |
| Pagination | x, 424 p. ; |
| Size | 24 cm |
| 490 1# - SERIES STATEMENT | |
| Series statement | Grundlehren der mathematischen Wissenschaften ; |
| Volume/sequential designation | d.180 |
| 500 ## - GENERAL NOTE | |
| General note | Translation of Osnovy sovremennoi teorii potentsiala |
| 504 ## - BIBLIOGRAPHY, ETC. NOTE | |
| Bibliography, etc | Includes index. |
| Bibliography, etc | Bibliography: p.[411]-422 |
| 650 #0 - SUBJECT ADDED ENTRY--TOPICAL TERM | |
| Topical term or geographic name as entry element | Functions of complex variables |
| 9 (RLIN) | 27282 |
| Topical term or geographic name as entry element | Potential theory (Mathematics) |
| 9 (RLIN) | 19822 |
| 830 #0 - SERIES ADDED ENTRY--UNIFORM TITLE | |
| Volume number/sequential designation | d.180 |
| Uniform title | Grundlehren der mathematischen Wissenschaften ; |
| 942 ## - ADDED ENTRY ELEMENTS (KOHA) | |
| Source of classification or shelving scheme | Dewey Decimal Classification |
| Koha item type | Books |
| Lost status | Source of classification or shelving scheme | Damaged status | Not for loan | Collection code | Permanent Location | Current Location | Shelving location | Date acquired | Source of acquisition | Cost, normal purchase price | Total Checkouts | Full call number | Date last seen | Copy number | Koha item type |
|---|---|---|---|---|---|---|---|---|---|---|---|---|---|---|---|
| Dewey Decimal Classification | Not For Loan | Non-fiction | Central Library, University of Rajshahi | Central Library, University of Rajshahi | 27/07/1979 | Heffers. | 24.30 | 515.7 LAF 1972 | 19/01/2014 | C-1 | Books |